000 00302nam a22001337a 4500
008 170801b xxu||||| |||| 00| 0 eng d
020 _a9780471104261
041 _aeng
080 _23RD
_a004
100 _a32
101 _aSHK
245 _aPROGRAMMING LANGUAGE CONCEPTS
_cGHEZZI,C
942 _2udc
_cBK
999 _c22322
_d22322